[Event "Wch U18 Girls"]
[Site "Caldas Novas"]
[Date "2011.11.22"]
[Round "5"]
[White "Perera, Anjana"]
[Black "Chumpitaz Carbajal, Ann"]
[Result "0-1"]
[WhiteElo "1827"]
[BlackElo "2203"]
[PlyCount "154"]
[EventDate "2011.11.18"]
[EventType "swiss"]
[EventRounds "9"]
[EventCountry "BRA"]
[SourceTitle "EXT 2013"]
[Source "ChessBase"]
[SourceDate "2012.11.22"]
[SourceVersion "1"]
[SourceVersionDate "2012.11.22"]
[SourceQuality "1"]

1. e4 e5 2. Nf3 Nc6 3. d4 exd4 4. Nxd4 Nf6 5. Nxc6 bxc6 6. f3 Bc5 7. Bg5 h6 8. Bh4 0-0 9. Nc3 Re8 10. Qd2 Nxe4 11. Bxd8 Nxd2+ 12. Kxd2 Rxd8 13. Bd3 d5 14. Rhe1 Rb8 15. Na4 Bf8 16. Rad1 c5 17. Kc1 Be6 18. c3 c4 19. Bc2 c5 20. Rd2 d4 21. f4 d3 22. Bd1 Bd6 23. g3 Bd7 24. b3 cxb3 25. axb3 Bxa4 26. bxa4 c4 27. Ra2 Bc5 28. Kd2 Re8 29. Bf3 Bf2 30. Rxe8+ Rxe8 31. Ra1 Re3 32. Bg4 Re7 33. Rb1 Be3+ 34. Kd1 Bg1 35. Rb2 g6 36. Bf3 Rc7 37. Bd5 Rc5 38. Bf3 Ra5 39. Ra2 Kf8 40. g4 Be3 41. Bc6 Rc5 42. Bb5 Bxf4 43. h3 Ke7 44. Rb2 d2 45. Kc2 Kd6 46. Rb4 Kd5 47. Be8 Rc7 48. Bb5 g5 49. a5 Be3 50. a6 Bf4 51. Ba4 Re7 52. Rb5+ Kd6 53. Rb7 Re1 54. Kb2 Ke6 55. Rxa7 d1Q 56. Bxd1 Rxd1 57. Rb7 Rd8 58. Ka3 Ra8 59. Rb6+ Bd6+ 60. Ka4 Kd7 61. Kb5 Rb8 62. Rxb8 Bxb8 63. Kxc4 Kc6 64. Kd4 Kb6 65. Kd5 Kxa6 66. Kc6 Ka5 67. c4 Kb4 68. Kd5 Ba7 69. Ke5 Kxc4 70. Kf6 Bf2 71. Kxf7 Kd4 72. Kg6 Ke4 73. Kxh6 Bh4 74. Kg6 Kf4 75. Kf6 Kg3 76. Ke5 Kxh3 77. Kf5 Kg3 0-1

[Event "Wch U18 Girls"]
[Site "Vung Tau"]
[Date "2008.10.22"]
[Round "3"]
[White "Perera, Anjana"]
[Black "Palkova, Katerina"]
[Result "0-1"]
[WhiteElo "1828"]
[BlackElo "2057"]
[PlyCount "64"]
[EventDate "2008.10.20"]
[EventType "swiss"]
[EventRounds "11"]
[EventCountry "VIE"]
[SourceTitle "EXT 2009"]
[Source "ChessBase"]
[SourceDate "2008.11.26"]
[SourceVersion "1"]
[SourceVersionDate "2008.11.26"]
[SourceQuality "1"]

1. e4 d6 2. d4 Nf6 3. Nc3 c6 4. f4 Qa5 5. Bd3 e5 6. fxe5 dxe5 7. dxe5 Ng4 8. h3 Nxe5 9. Bf4 Bd6 10. Nge2 0-0 11. Qd2 Be6 12. Nd4 Qb6 13. Nb3 a5 14. Be3 Nxd3+ 15. Qxd3 Bg3+ 16. Kf1 Qc7 17. Bf2 Bxf2 18. Kxf2 f5 19. Kg1 Nd7 20. Rd1 fxe4 21. Qxe4 Rae8 22. Qh4 Rf4 23. Qe1 Nf6 24. Qd2 Bd5 25. Nxd5 Nxd5 26. Rf1 Rxf1+ 27. Kxf1 Qg3 28. Nd4 Ne3+ 29. Kg1 Nxg2 30. Nf5 Re1+ 31. Qxe1 Qxe1+ 32. Kxg2 Qe4+ 0-1